| 000 -CABECERA |
| fixed length control field |
01673nam a22002057a 4500 |
| 003 - IDENTIFICADOR DEL NÚMERO DE CONTROL |
| control field |
AR-CdUCM |
| 008 - DATOS DE LONGITUD FIJA--INFORMACIÓN GENERAL |
| fixed length control field |
190225b ||||| |||| 00| 0 spa d |
| 040 ## - FUENTE DE LA CATALOGACIÓN |
| Agencia/entidad que catalogó originalmente la obra |
MUNICIPALIDAD PROVINCIAL DEL CUSCO |
| Entidad que transcribió la catalogación |
BIBLIOTECA MUNICIPAL DEL CUSCO |
| 082 ## - NÚMERO DE LA CLASIFICACIÓN DECIMAL DEWEY |
| No. de Clasificación |
869.56 / |
| Notacion interna |
G26 |
| 100 ## - ENTRADA PRINCIPAL--NOMBRE DE PERSONA |
| Nombre Personal |
Garrido Malaver, Julio |
| 245 ## - MENCIÓN DE TÍTULO |
| Título |
Poesía / |
| Mención de responsabilidad |
Garrido Malaver, Julio |
| 260 ## - PUBLICACIÓN, DISTRIBUCIÓN, ETC. |
| Lugar de publicación, distribución, etc. |
Perú : |
| Nombre de la editorial, distribuidor, etc. |
Asesoría Cultural de la Universidad Nacional Pedro Ruiz Gallo de Lambayeque, |
| -- |
Gráfica Labor, |
| Fecha de publicación, distribución, etc. |
1988. |
| 300 ## - DESCRIPCIÓN FÍSICA |
| Nº de Páginas Extensión |
7 tomos ; |
| Dimensiones |
21 cm. |
| 505 ## - NOTA DE CONTENIDO CON FORMATO |
| Nota de contenido formateada |
Contenido : t.1 : Prólogo de Antenor Orrego -- Canto a la primavera -- Vida de pueblo -- Palabras de tierra -- Del sembrador. -- t.2 : Florecimiento en la sombra -- el día blanco -- lo posible en el Afán -- espirales. -- t.3 : Un poema del ser y de la Transcendencia -- la dimensión de la piedra -- de los tonos idénticos -- de los días distintos -- t.4 : De los instantes -- Canto del amor agrario -- El nuevo canto del hombre -- Manantiales -- De la circunferencia -- De algunas tardes -- Tono de afirmación. -- t.5 : Relato de un retrato -- el canto solo -- carta a mi madre -- escritura para el tiempo -- historia elemental. -- t.6 : Tonos de claridad -- Para que lo repitan los pájaros -- Edad del tiempo -- Del otro incendio -- Algo me dice que mañana el hombre -- Transparencia. -- t.7 : Los cantos de la sangre castigada -- Una mañana con Dios -- De los días anónimos junto al mar -- Barrio de pobres -- Con los mismos pasos -- Para finalizar por el comienzo, por: Cesar Calvo. |
| 650 ## - PUNTO DE ACCESO ADICIONAL DE MATERIA--TÉRMINO DE MATERIA |
| Descriptor |
Poesías peruana. |
| 9 (RLIN) |
2954 |
| 650 ## - PUNTO DE ACCESO ADICIONAL DE MATERIA--TÉRMINO DE MATERIA |
| Descriptor |
Siglo XX |
| 9 (RLIN) |
8 |
| 650 ## - PUNTO DE ACCESO ADICIONAL DE MATERIA--TÉRMINO DE MATERIA |
| Descriptor |
Literatura. |
| 9 (RLIN) |
83 |
| 942 ## - ELEMENTOS DE PUNTO DE ACCESO ADICIONAL (KOHA) |
| Fuente de clasificación |
|
| Tipo de item |
Libros-BMC |
| 945 ## - PROCESAMIENTO DE INFORMACIÓN LOCAL (OCLC) |
| Catalogador |
achl |
| AAAA-MM-DD - Fecha de ingreso o modificacion |
2019-02-25 |